Get through medical school : (Record no. 5020)

MARC details
000 -LEADER
fixed length control field 01235cam a22003255a 4500
001 - CONTROL NUMBER
control field 17270224
003 - CONTROL NUMBER IDENTIFIER
control field OSt
005 - DATE AND TIME OF LATEST TRANSACTION
control field 20160817192101.0
008 - FIXED-LENGTH DATA ELEMENTS--GENERAL INFORMATION
fixed length control field 120424s2010 enk 000 0 eng
010 ## - LIBRARY OF CONGRESS CONTROL NUMBER
LC control number 2012379835
020 ## - INTERNATIONAL STANDARD BOOK NUMBER
International Standard Book Number 9781853158667
020 ## - INTERNATIONAL STANDARD BOOK NUMBER
International Standard Book Number 1853158666
040 ## - CATALOGING SOURCE
Original cataloging agency DLC
Transcribing agency DLC
Modifying agency DLC
042 ## - AUTHENTICATION CODE
Authentication code pcc
082 ## - DEWEY DECIMAL CLASSIFICATION NUMBER
Classification number WB 18
Item number S36g 2011
100 1# - MAIN ENTRY--PERSONAL NAME
Personal name Khan, Seema.
9 (RLIN) 10758
245 10 - TITLE STATEMENT
Title Get through medical school :
Remainder of title 1100 SBAs/BOFs and EMQs /
Statement of responsibility, etc. by Seema Khan.
250 ## - EDITION STATEMENT
Edition statement 2nd ed.
260 ## - PUBLICATION, DISTRIBUTION, ETC. (IMPRINT)
Place of publication, distribution, etc. London :
Name of publisher, distributor, etc. Royal Society of Medicine Press,
Date of publication, distribution, etc. 2011.
300 ## - PHYSICAL DESCRIPTION
Extent xviii, 337 p. ;
Dimensions 24 cm.
500 ## - GENERAL NOTE
General note Previous edition published in 2003.
504 ## - BIBLIOGRAPHY, ETC. NOTE
Bibliography, etc Includes bibliographical references.
650 #0 - SUBJECT ADDED ENTRY--TOPICAL TERM
Topical term or geographic name as entry element Medicine
Form subdivision Examinations, questions, etc.
9 (RLIN) 10520
650 #0 - SUBJECT ADDED ENTRY--TOPICAL TERM
Topical term or geographic name as entry element Medical students
Form subdivision Examinations, questions, etc.
9 (RLIN) 10759
856 42 - ELECTRONIC LOCATION AND ACCESS
Materials specified Publisher description
Uniform Resource Identifier http://www.loc.gov/catdir/enhancements/fy1214/2012379835-d.html
856 42 - ELECTRONIC LOCATION AND ACCESS
Materials specified Contributor biographical information
Uniform Resource Identifier http://www.loc.gov/catdir/enhancements/fy1302/2012379835-b.html
906 ## - LOCAL DATA ELEMENT F, LDF (RLIN)
a 0
b ibc
c origres
d 2
e ncip
f 20
g y-gencatlg
942 ## - ADDED ENTRY ELEMENTS (KOHA)
Source of classification or shelving scheme Other/Generic Classification Scheme
Koha item type Open Shelf
Holdings
Withdrawn status Lost status Source of classification or shelving scheme Damaged status Not for loan Home library Current library Date acquired Source of acquisition Inventory number Total Checkouts Full call number Barcode Date last seen Price effective from Koha item type
    Other/Generic Classification Scheme     MUST Main Library MUST Main Library 17/08/2016   2014/38271   WB 18 S36g 2011 2016-3689 17/08/2016 17/08/2016 Open Shelf
    Other/Generic Classification Scheme     MUST Main Library MUST Main Library 17/08/2016   2014/38272   WB 18 S36g 2011 2016-3690 17/08/2016 17/08/2016 Open Shelf
    Other/Generic Classification Scheme     MUST Main Library MUST Main Library 18/08/2016   2011/35223   WB 18 S36g 2011 2016-3750 18/08/2016 18/08/2016 Open Shelf